01416nam a2200301 a 4500001001000000003000900010005001700019007000300036008004100039040002500080082002400105100004200129245004500171260004600216300002800262500005200290590002700342650002700369650002600396910003700422942001400459952012600473952012600599952012500725952012000850952012700970999001701097000029933DO-SdBNP20240530073920.0ta110427s1998 dr a 000 0 spa d aDO-SdBNPbspacBNPHU 4aRD863.44bM779s2221 aMontes de Oca Vilomar, Tomás95667610aSiquem /cTomás Montes de Oca Vilomar. aSanto Domingo :bImpresora Valdez,c1998. a150 p. :bil. ;c21 cm. aLa biblioteca posee 5 ejemplares autografiados  aInventariado, 2019/ YL 0aNovela dominicana9223 4aLiteratura dominicana aValidado. Control de calidad MFF 2ddccLBS1 00102ddc56708DSaBNPHUbBNPHUcHDd2013-05-08o BNPHU DS RD863.44 M779sp29933-30r2020-06-25te. 3w2020-06-25yLBS1 00102ddc56708DSaBNPHUbBNPHUcHDd2019-07-11o BNPHU DS RD863.44 M779sp29933-40r2020-06-25te. 4w2020-06-25yLBS1 00102ddc51708DSaBNPHUbBNPHUcHDd2019-07-11oBNPHU DS RD863.44 M779sp29933-50r2020-06-25te. 5w2020-06-25yLBS1 00102ddc51708PDaBNPHUbBNPHUcHDd2011-04-27oBNPHU PD RD863.44 M779sp29933-10r2020-06-25w2020-06-25yLBS1 00102ddc51708PDaBNPHUbBNPHUcHDd2011-04-27o BNPHU PD RD863.44 M779sp29933-20r2020-06-25te. 2w2020-06-25yLBS1 c29425d29425